Statistics for U.S. States with the Largest Latvian Populations

Click here to take the quiz!

General Stats

  • This quiz has been taken 163 times
  • The average score is 7 of 10

Answer Stats

RankLatvian PopulationState% Correct
29,937New York
94%
111,443California
93%
44,921Florida
82%
93,380Washington
72%
64,265Michigan
66%
36,982Illinois
60%
73,946New Jersey
60%
83,754Pennsylvania
55%
54,706Massachusetts
51%
103,289Maryland
50%

Score Distribution

Percentile by Number Answered

Percent of People with Each Score

Your Score History

You have not taken this quiz